000 01044nas a2200325 4500
001 BR2012004292
003 BR-BrBNA
005 20231205120724.0
007 ta
008 230509b bl.|||p| |||| 00| 00por d
040 _aBR-BrBNA
_bpor
_cBiblioteca Nacional de Agricultura
041 _a(Pt)
072 _aE16; F08
100 1 _aGarcia, C.M.de P.
100 1 _aAndreotti, M.
100 1 _aTarsitano, M.A.A.
100 1 _aTeixeira Filho, M.C.M.
100 1 _aLima, A.E. da S.
100 1 _aBuzetti, S.
245 1 _aAnálise econômica da produtividade de grãos de milho consorciados com forrageiras dos gêneros brachiaria e panicum em sistema plantio direto
650 _aMILHO
650 _aCAPIM BRACHIARIA
650 _aPANICUM MAXIMUM
650 _aRENTABILIDADE
650 _aCUSTO OPERACIONAL
650 _aCONSORCIAÇÃO DE CULTURA
773 0 _tRevista Ceres (Brazil)
_xISSN 0034-737X
_g(Mar-Apr 2012), v. 59(2) p. 157-163
_wBR2012004292
909 _a202311
_bLúcia
_c55
_dLúcia Elande
942 _2AGRIS
_n0
_cANA
999 _c219958
_d219958